Tennis for thinking players

Bibliographic Details
Main Author: Murphy, Chet
Format: Book
Published: New York : Leisure Press , c1985
Edition:2nd ed.
Subjects:

MARC

LEADER 00000cam a2200000 7i4500
001 0000007030
005 20030124.0
020 |a 0880112514 
040 |a INS 
090 0 0 |a GV1002.9.P75   |b M87 1985 
100 1 |a Murphy, Chet 
245 1 0 |a Tennis for thinking players   |c Chet Murphy 
250 |a 2nd ed. 
260 |a New York :   |b Leisure Press ,   |c c1985 
300 |a 176 p. ;   |c 23 cm. 
650 0 0 |a Game theory 
650 0 0 |a Sports 
650 0 0 |a Tennis 
999 |a 0000000344   |b BOOK   |c Open Shelf   |e Default branch